000 00229nam a22000857a 4500
008 170616b xxu||||| |||| 00| 0 eng d
100 _93472
_aDasgupta. M
245 _aLow cost, no cost teaching AIDS
260 _aNew Delhi
_bN. B. T
_c2007
999 _c6846
_d6846